Santa Rita (Record no. 22156)

MARC details
000 -LEADER
campo de control de longitud fija 00962nam a2200229 i 4500
001 - NÚMERO DE CONTROL
campo de control 22156
003 - IDENTIFICADOR DE NÚMERO DE CONTROL
campo de control ES-MaACL
005 - FECHA Y HORA DE LA ÚLTIMA TRANSACCIÓN
campo de control 20250831122742.0
007 - CAMPO FIJO DE DESCRIPCIÓN FÍSICA--INFORMACIÓN GENERAL
campo de control de longitud fija t|
008 - DATOS DE LONGITUD FIJA--INFORMACIÓN GENERAL
campo de control de longitud fija 021219s1885 sp |||| | fre d
245 00 - MENCIÓN DEL TÍTULO
Título Santa Rita
Resto del título : école de réforme et asile de correction paternelle autorisée par loi du 4 janvier 1883 a Carabanchel, près Madrid.
260 ## - PUBLICACIÓN, DISTRIBUCIÓN, ETC.
Lugar de publicación, distribución, etc. Madrid :
Nombre del editor, distribuidor, etc. [s.n.],
Fecha de publicación, distribución, etc. 1885 (
Fabricante Tip. de Manuel G. Hernández)
300 ## - DESCRIPCIÓN FÍSICA
Extensión 30 p. ;
Dimensiones 24 cm.
610 27 - PUNTO DE ACCESO ADICIONAL DE MATERIA--NOMBRE DE ENTIDAD CORPORATIVA
Nombre de entidad corporativa o nombre de jurisdicción como elemento de entrada Escuela de Reforma de Santa Rita (Madrid)
Fuente del encabezamiento o término
9 (RLIN) 134367
650 #4 - PUNTO DE ACCESO ADICIONAL DE MATERIA--TÉRMINO DE MATERIA
Término de materia o nombre geográfico como elemento de entrada Reformatorios-
Subdivisión geográfica Madrid.
9 (RLIN) 139196
852 ## - LOCALIZACIÓN
Ubicación ES-MaACL
itemnumber 22960
Número de control de estantería D-90(10)
Nota libre Donativo Lastres
Ubicación en estantería Sala Valle Inclán
Signatura antigua Olim:193-C-12
Donativo/Legado Donación: Francisco Lastres y Juiz
Encuadernación Encuadernado con otras obras formando un volumen facticio
852 ## - LOCALIZACIÓN
Ubicación ES-MaACL
itemnumber 22959
Número de control de estantería T-435-F-10
Ubicación en estantería Depósito folletos
903 ## - NOMBRE PERSONAL DE DONANTE
a Lastres y Juiz, Francisco,
d 1848-1918
q 1
e Donante
9 70504
942 ## - ELEMENTOS DE ENTRADA SECUNDARIOS (KOHA)
Fuente del sistema de clasificación o colocación Clasificación decimal universal
Tipo de ítem Koha Folleto
Holdings
Estatus retirado Estado de pérdida Estado de daño No para préstamo Colección Biblioteca de origen Biblioteca actual Ubicación en estantería Fecha de adquisición Fuente de adquisición Total de préstamos Signatura topográfica completa Código de barras Visto por última vez Precio de reemplazo Tipo de ítem Koha Fuente del sistema de clasificación o colocación
        Colección de folletos Biblioteca del Ateneo de Madrid Biblioteca del Ateneo de Madrid Depósito folletos 19/01/2009     T-435-F-10 1178514 23/02/2023 23/02/2023 Folleto  
        Colección de folletos Biblioteca del Ateneo de Madrid Biblioteca del Ateneo de Madrid Sala Valle Inclán 17/01/2008 Donación   D-90(10) 901022791 23/02/2023 23/02/2023 Folleto Clasificación decimal universal